000 01107cam a22003377a 4500
003 CHAP
005 20220329135757.0
008 971013s1982 r 00010 d
010 _a41917
011 _a42889
035 _a47019
040 _cCHAP
082 _a330.15
_bF6Y
100 0 0 _aFougeyrollas, Pierre.
_942748
245 1 4 _aLos procesos sociales contemporáneos
260 _aMéxico, D.F. :
_bF.C.E.,
_c1982
300 _a344 p.
490 0 _aSección de obras de sociología
590 _aBATCH-UPD
_b10
_c20130110
_lUCH01
_h0149
590 _aBATCH-UPD
_b10
_c20130110
_lUCH01
_h1812
590 _aBATCH-UPD
_b10
_c20130409
_lUCH01
_h2149
590 _aBATCH-UPD
_b10
_c20130914
_lUCH01
_h0844
590 _aCONVERSION
_b10
_c20130109
_lUCH01
_h1323
650 1 4 _aCapitalismo.
_918711
650 1 4 _aMovimientos sociales.
_979169
830 0 _aSección de obras de sociología
_9103511
901 _aBK
942 _cLIBRO
949 _a330.15 F6Y
_bBC
_cLIBRO
_d33724000320966
_eLIBRO
_gI.c/e
_h65783
_i47019
_si
949 _a330.15 F6Y
_bBC
_cLIBRO
_d33724000320974
_eLIBRO
_fc.2
_gI.c/e
_h65784
_i47019
_si
999 _c41917
_d41917